000 00340 a2200157 4500
001 62051
020 _a9788501078957
040 _cAnchieta - Pituba
100 _aCabot, Meg
240 1 0 _aA rainha da fofoca
_lpor
245 1 0 _aA rainha da fofoca
300 _a430
362 0 _a2008
650 4 _aFicção norte-americana
942 _cBK
999 _c62051
_d62051